Expositors Dictionary of Texts. (Record no. 3559)
[ view plain ]
| 000 -LEADER | |
|---|---|
| fixed length control field | 00606nam a2200241 a 4500 |
| 020 ## - INTERNATIONAL STANDARD BOOK NUMBER | |
| ISBN | |
| 082 00 - DEWEY DECIMAL CLASSIFICATION NUMBER | |
| Classification number | 220.3 |
| Author Cutter | NIC |
| 100 ## - MAIN ENTRY--AUTHOR NAME | |
| Author name | Nicoll, W Robrtson |
| 245 ## - TITLE STATEMENT | |
| Title | Expositors Dictionary of Texts. |
| 260 ## - PUBLICATION, DISTRIBUTION, ETC. (IMPRINT) | |
| Place of publication | New York |
| Name of publisher | George H. Doran Company |
| Year of publication | 1910 |
| 300 ## - PHYSICAL DESCRIPTION | |
| Number of Pages | 1054p |
| 500 ## - GENERAL NOTE | |
| General note | includes index and biblioraphy |
| 505 2# - FORMATTED CONTENTS NOTE | |
| Formatted contents note | Index of outlines |
| 650 ## - SUBJECT ADDED ENTRY--TOPICAL TERM | |
| Topical Term | Bible-Dictionaries |
| 942 ## - ADDED ENTRY ELEMENTS (KOHA) | |
| Koha item type | Books |
| 700 1# - | |
| -- | Nicoll, W Robrtson |
| Collection code | Home library | Current library | Shelving location | Date acquired | Cost, normal purchase price | Full call number | Accession Number | Koha item type |
|---|---|---|---|---|---|---|---|---|
| Reference | Henry Martyn Institute Library | Henry Martyn Institute Library | Reference | 08/31/2018 | 100.00 | 220.3 NIC | 8226 | Archive Book |
| Reference | Henry Martyn Institute Library | Henry Martyn Institute Library | Reference | 08/31/2018 | 100.00 | 220.3 NIC | 8227 | Archive Book |
